000 02243nam a22002417a 4500
003 NALT
005 20250623140731.0
008 250617b th ||||| |||| 00| 0 tha d
040 _aNALT
086 _aนร 22 3.2 361.8 2566
110 2 _aสำนักนายกรัฐมนตรี.
_bกองทุนบำเหน็จบำนาญข้าราชการ
_966169
245 1 0 _aคู่มือสมาชิก กบข. /
_cกองทุนบำเหน็จบำนาญข้าราชการ.
260 _aกรุงเทพฯ :
_bกองทุนบำเหน็จบำนาญข้าราชการ,
_c2566.
300 _a96 หน้า :
_bภาพประกอบ, ตาราง ;
_c21 ซม.
505 2 _aเกี่ยวกับ กบข. -- การลงทุนของ กบข. -- การบริหารความเสี่ยง -- การตรวจสอบ -- การกำ กับดูแลกิจการ และธรรมาภิบาลการลงทุน -- เงินออมที่สมาชิกมีใน กบข. -- สิทธิการรับเงินจาก กบข. -- บริการ กบข. “ออมเพิ่ม” -- บริการ กบข. “แผนทางเลือกการลงทุน” -- บริการ กบข. “ออมต่อ” -- สวัสดิการสมาชิก กบข. -- ใบแจ้งยอดเงินสมาชิก กบข. -- บริการดิจิทัลครบวงจรเพื่อสมาชิก “Digital GPF” -- ช่องทางสื่อสาร-ติดต่อ กบข.
610 2 4 _aกองทุนบำเหน็จบำนาญข้าราชการ
_xคู่มือ
_966168
856 4 0 _uhttps://www.gpf.or.th/thai2019/2Member/main.php?page=37&lang=th&menu=handbook
942 _cGOV
_2local
996 _ajidapa.t
_bACQSTF
_c2025-06-17
996 _avaree.k
_bLIBSTF
_c2025-06-19
996 _ajamriang.p
_bCATSTF
_c2025-06-23
999 _c106925
_d106925
998 _j1020
_k นางจำเรียง ระวังสำโรง